Catálogo
 En Linea

El que debe vivir / (Registro nro. 19398)

Detalles MARC
000 -CABECERA
campo de control de longitud fija 00581cam a22001697a 4500
001 - NÚMERO DE CONTROL
campo de control 000019885
005 - FECHA Y HORA DE LA ÚLTIMA TRANSACCIÓN
campo de control 20200929170158.0
008 - DATOS DE LONGITUD FIJA--INFORMACIÓN GENERAL
campo de control de longitud fija 810309s1978 cu 000 0 spa d
040 ## - FUENTE DE LA CATALOGACIÓN
Centro catalogador/agencia de origen DO-SdBNP
Centro/agencia transcriptor DLC
Centro/agencia modificador DLC
Lengua de catalogación spa
Centro/agencia modificador BNPHU
049 ## - FONDOS LOCALES (OCLC)
Fondos de biblioteca BNGR
100 1# - ENTRADA PRINCIPAL--NOMBRE DE PERSONA
Nombre de persona Rojas, Marta,
9 (RLIN) 38494
245 13 - MENCIÓN DE TÍTULO
Título El que debe vivir /
Mención de responsabilidad, etc. Marta Rojas ; edición de María del Carmen Pérez.
260 ## - PUBLICACIÓN, DISTRIBUCIÓN, ETC.
Lugar de publicación, distribución, etc. La Habana :
Nombre del editor, distribuidor, etc. Casa de las Américas,
Fecha de publicación, distribución, etc. [1978].
300 ## - DESCRIPCIÓN FÍSICA
Extensión 136, [1] p. ;
Dimensiones 19 cm.
586 ## - NOTA DE PREMIOS
Nota de premios Premio Casa de las Américas
504 ## - NOTA DE BIBLIOGRAFÍA, ETC.
Nota de bibliografía, etc. Incluye referencias bibliográficas y notas al pie de las páginas.
Existencias
Estado de retiro Estado de pérdida Restricciones de uso No para préstamo Código de colección Localización permanente Ubicación/localización actual Ubicación en estantería Fecha de adquisición Número de inventario Total de préstamos Signatura topográfica completa Código de barras Fecha visto por última vez Precio válido a partir de Tipo de ítem Koha
      Excluido de préstamo Monografías: Libros y Folletos General General En catalogación 08.07.2010 LF1   19885-10 25.06.2020 25.06.2020 No se presta

Con tecnología Koha